000 00741nam a22002417a 4500
003 UA-OsUOA
001 64922
007 ta
008 20091111b un ||||| |||| 00| 0 ukr d
100 _aГелитович М.
090 _a246.3(084)
_bГ31
942 _cBK
040 _aUA-OsUOA
_bukr
_cUA-OsUOA
_dUA-OsUOA
245 _aСвятий Миколай з житієм
_bІкони 15 - 18 ст.
300 _a151 с.
955 _a3
041 _aukr
080 _a246.3(084)
020 _a978-966-395-194-2
260 _aЛьвів
_bСвічадо
_c2008
650 7 _a346 Господарське право. Правові основи державного регулювання економікою
_2UDC
999 _c350962
_d350962